दलित दृष्टिकोण : (Record no. 120883)
[ view plain ]
| 000 -LEADER | |
|---|---|
| fixed length control field | 01340nam a22002777a 4500 |
| 003 - CONTROL NUMBER IDENTIFIER | |
| control field | dpl |
| 005 - DATE AND TIME OF LATEST TRANSACTION | |
| control field | 20190424114751.0 |
| 008 - FIXED-LENGTH DATA ELEMENTS--GENERAL INFORMATION | |
| fixed length control field | 190424b ||||| |||| 00| 0 eng d |
| 010 ## - LIBRARY OF CONGRESS CONTROL NUMBER | |
| LC control number | B-238655 |
| 020 ## - INTERNATIONAL STANDARD BOOK NUMBER | |
| Terms of availability | 60.00 |
| International Standard Book Number | 8187733586 |
| 035 ## - SYSTEM CONTROL NUMBER | |
| System control number | B-238655, B-238659 |
| 037 ## - SOURCE OF ACQUISITION | |
| Source of stock number/acquisition | Cen Lib/Ret |
| 040 ## - CATALOGING SOURCE | |
| Original cataloging agency | DPL |
| Language of cataloging | HN |
| Transcribing agency | 0 |
| 082 ## - DEWEY DECIMAL CLASSIFICATION NUMBER | |
| Classification number | 305.56 |
| Item number | चन्द्रभा |
| 100 ## - MAIN ENTRY--PERSONAL NAME | |
| Personal name | चन्द्र भान प्रसाद |
| 9 (RLIN) | 44330 |
| 245 ## - TITLE STATEMENT | |
| Title | दलित दृष्टिकोण : |
| Statement of responsibility, etc | चन्द्र भान प्रसाद |
| Remainder of title | भारतीय समाज : जातिगत अत्याचार / |
| 246 ## - VARYING FORM OF TITLE | |
| Title proper/short title | Dalit drishtikon : bharteey samaj : jatigat atyachar / |
| Remainder of title | by Chandra Bhan Prasad |
| 260 ## - PUBLICATION, DISTRIBUTION, ETC. (IMPRINT) | |
| Place of publication, distribution, etc | दिल्ली |
| Name of publisher, distributor, etc | गौतम बुक सेंटर |
| Date of publication, distribution, etc | 2006 |
| 270 ## - ADDRESS | |
| City | दिल्ली |
| Address | 'चन्दन सदन' सी-263 ए, गली नं.9, हरदेवपुरी, शाहदरा |
| Postal code | 110093 |
| 300 ## - PHYSICAL DESCRIPTION | |
| Extent | 80पृ. |
| Dimensions | 20सेमी(सजिल्द) |
| 650 ## - SUBJECT ADDED ENTRY--TOPICAL TERM | |
| Topical term or geographic name as entry element | दलित -- अत्याचार |
| 9 (RLIN) | 93211 |
| 650 ## - SUBJECT ADDED ENTRY--TOPICAL TERM | |
| Topical term or geographic name as entry element | वर्ण और जाति -- एक अभिशाप |
| 9 (RLIN) | 93212 |
| 650 ## - SUBJECT ADDED ENTRY--TOPICAL TERM | |
| Topical term or geographic name as entry element | Dalit - Torture |
| 9 (RLIN) | 93213 |
| 650 ## - SUBJECT ADDED ENTRY--TOPICAL TERM | |
| Topical term or geographic name as entry element | Characters and race - a curse |
| 9 (RLIN) | 93214 |
| 942 ## - ADDED ENTRY ELEMENTS (KOHA) | |
| Source of classification or shelving scheme | Dewey Decimal Classification |
| Koha item type | Hindi Books |
| Classification part | 305.56 |
| Call number suffix | चन्द्रभा |
| Withdrawn status | Lost status | Damaged status | Not for loan | Home library | Current library | Date acquired | Source of acquisition | Cost, normal purchase price | Total Checkouts | Full call number | Barcode | Date last seen | Date checked out | Copy number | Cost, replacement price | Price effective from | Koha item type | Source of classification or shelving scheme | Collection code |
|---|---|---|---|---|---|---|---|---|---|---|---|---|---|---|---|---|---|---|---|
| Central Library | Central Library | 29/09/2015 | Cen Lib/Ret | 60.00 | 2 | 305.56 चन्द्रभा | B-238655 | 01/10/2019 | 24/09/2019 | 1 | 60.00 | 29/09/2015 | Hindi Books | ||||||
| Shahdara Branch | Shahdara Branch | 24/04/2019 | BPPD/PUB | 60.00 | 1 | 305.56 चन्द्रभा | B-238659 | 04/11/2019 | 22/10/2019 | 60.00 | 24/04/2019 | Hindi Books | Dewey Decimal Classification | Non-fiction |
